| 000 | 00969 a2200253 4500 | ||
|---|---|---|---|
| 003 | NUST | ||
| 005 | 20221206133445.0 | ||
| 010 | _a 78027597 | ||
| 020 | _a0470266422 | ||
| 040 | _cNust | ||
| 082 | 0 | 0 | _a156,HAR |
| 100 | 1 |
_aHarlow, Harry F. _9104255 |
|
| 245 | 1 | 4 |
_aThe human model : _bprimate perspectives / _cHarry F. Harlow and Clara Mears. |
| 260 |
_aWashington : _bV. H. Winston ; _aNew York : _bWiley, _c1979. |
||
| 300 |
_aviii, 312 p. : _bill. ; _c24 cm. |
||
| 500 | _aPart-1: The Legened of Learning (Page-13), Part-2: The Meaning of Motives (Page-77), Part-3: The Loves of Life (Page-161), Part-4: The Price of Pathology (Page-217). | ||
| 650 | 0 |
_aEthology _xCollected works. _9104256 |
|
| 650 | 0 |
_aModels, Psychological _xCollected works. _9104257 |
|
| 650 | 0 |
_aPrimates _xBehavior. _9104258 |
|
| 650 | 0 |
_aPrimates _xCollected works. _9104259 |
|
| 650 | 0 |
_aPsychology, Comparative. _9104260 |
|
| 700 | 1 |
_aMears, Clara, _9104261 |
|
| 942 |
_2ddc _cBK _k156,HAR |
||
| 999 |
_c193760 _d193760 |
||